000 00563nam a2200229Ia 4500
003 OSt
005 20220918175932.0
006 a|||||r|||| 00| 0
007 ta
008 220917b |||||||| |||| 00| 0 eng d
024 _a19,788
037 _cTextual
040 _aARTS
_cARTS
_beng
041 _2eng
_aeng
082 _aO:3L07:21, F0.2
100 _aFielding Henry
245 0 _aHistory of Amelia
260 _c1920
650 _aENGLISH LITERATURE
942 _hO:3L07:21, F0.2
_cTEXL
_2CC
999 _c159658
_d159658